[Event "Test Tournament"]
[Site "Emanuel Lasker Arena"]
[Date "2024.04.09"]
[Round "1"]
[White "Mrs Florrick"]
[Black "Stachelrochade"]
[Result "0-1"]
[WhiteElo "1780"]
[BlackElo "1620"]
[Annotator "NA RC"]
[PlyCount "20"]
[EventDate "2024.04.09"]
[EventType "swiss (blitz)"]

1. e4 {[%emt 0:00:02]} e5 {[%emt 0:00:01]} 2. Nf3 {[%emt 0:00:02]} Nc6 {[%emt 0:00:01]} 3. Bb5 {[%emt 0:00:01]} Nf6 {[%emt 0:00:01]} 4. O-O {[%emt 0:00:01]} Nxe4 {[%emt 0:00:01]} 5. d4 {[%emt 0:00:01]} Be7 {[%emt 0:00:01]} 6. Qe2 {[%emt 0:00:01]} Nd6 {[%emt 0:00:01]} 7. Nxe5 {[%emt 0:00:14]} Nxd4 {[%emt 0:00:01]} 8. Bxd7+ {[%emt 0:00:01]} Bxd7 {[%emt 0:00:00]} 9. Qd3 {[%emt 0:00:02]} N6f5 {[%emt 0:00:03]} 10. Bf4 {[%emt 0:00:03]} O-O {[%emt 0:00:04] Stachelrochade resigns Mrs Florrick resigns (Lag: Av=0.06s, max=0.1s)} 0-1

[Event "Test Tournament"]
[Site "Emanuel Lasker Arena"]
[Date "2024.04.09"]
[Round "1"]
[White "Lord Grantham"]
[Black "Triskaidekaphobe"]
[Result "1-0"]
[WhiteElo "1766"]
[BlackElo "1620"]
[Annotator "NA RC"]
[PlyCount "85"]
[EventDate "2024.04.09"]
[EventType "swiss (blitz)"]

1. d4 {[%emt 0:00:01]} d5 {[%emt 0:00:01]} 2. c4 {[%emt 0:00:01]} e6 {[%emt 0:00:01]} 3. Nf3 {[%emt 0:00:01]} Nf6 {[%emt 0:00:01]} 4. g3 {[%emt 0:00:01]} dxc4 {[%emt 0:00:01]} 5. Bg2 {[%emt 0:00:01]} c5 {[%emt 0:00:01]} 6. O-O {[%emt 0:00:01]} Nc6 {[%emt 0:00:01]} 7. Qa4 {[%emt 0:00:01]} cxd4 {[%emt 0:00:01]} 8. Ne5 {[%emt 0:00:01]} Nd7 {[%emt 0:00:04]} 9. Nxc6 {[%emt 0:00:01]} bxc6 {[%emt 0:00:01]} 10. Qxc6 {[%emt 0:00:01]} Rb8 {[%emt 0:00:00]} 11. Bf4 {[%emt 0:00:05]} Rxb2 {[%emt 0:00:04]} 12. Nd2 {[%emt 0:00:04]} c3 {[%emt 0:00:04]} 13. Nb3 {[%emt 0:00:04]} Bb4 {[%emt 0:00:04]} 14. Nxd4 {[%emt 0:00:01]} O-O {[%emt 0:00:01]} 15. Be4 {[%emt 0:00:06]} Nc5 {[%emt 0:00:09]} 16. Nc2 {[%emt 0:00:03]} Bb7 {[%emt 0:00:03]} 17. Qb5 {[%emt 0:00:01]} Bxe4 {[%emt 0:00:01]} 18. Nxb4 {[%emt 0:00:01]} Qd4 {[%emt 0:00:02]} 19. a3 {[%emt 0:00:03]} Nb3 {[%emt 0:00:03]} 20. Be3 {[%emt 0:00:02]} Qf6 {[%emt 0:00:02]} 21. Qc4 {[%emt 0:00:02]} Qe5 {[%emt 0:00:02]} 22. f4 {[%emt 0:00:02]} Na5 {[%emt 0:00:02]} 23. Bc5 {[%emt 0:00:01]} Nxc4 {[%emt 0:00:01]} 24. fxe5 {[%emt 0:00:01]} Rxe2 {[%emt 0:00:01]} 25. Rf2 {[%emt 0:00:01]} Rb2 {[%emt 0:00:01]} 26. Bxf8 {[%emt 0:00:01]} Kxf8 {[%emt 0:00:00]} 27. Rd1 {[%emt 0:00:01]} a5 {[%emt 0:00:01]} 28. Rd4 {[%emt 0:00:02]} Rb1+ {[%emt 0:00:01]} 29. Rf1 {[%emt 0:00:01]} Rxf1+ {[%emt 0:00:00]} 30. Kxf1 {[%emt 0:00:00]} axb4 {[%emt 0:00:00]} 31. axb4 {[%emt 0:00:01]} Ne3+ {[%emt 0:00:00]} 32. Ke2 {[%emt 0:00:01]} c2 {[%emt 0:00:00]} 33. Kd2 {[%emt 0:00:01]} f5 {[%emt 0:00:01]} 34. exf6 {[%emt 0:00:01]} Bf3 {[%emt 0:00:01]} 35. Rd3 {[%emt 0:00:01]} Nf1+ {[%emt 0:00:01]} 36. Kxc2 {[%emt 0:00:01]} Nxh2 {[%emt 0:00:00]} 37. Rd6 {[%emt 0:00:01]} gxf6 {[%emt 0:00:00]} 38. Rxe6 {[%emt 0:00:00]} Kf7 {[%emt 0:00:01]} 39. Ra6 {[%emt 0:00:01]} Be2 {[%emt 0:00:00]} 40. Ra7+ {[%emt 0:00:01]} Kg6 {[%emt 0:00:01]} 41. Kd2 {[%emt 0:00:01]} Bf1 {[%emt 0:00:00]} 42. Rb7 {[%emt 0:00:01]} Ba6 {[%emt 0:00:01] '} 43. Ra7 {[%emt 0:00:00] (Lag: Av=0.06s, max=0.5s)} 1-0

[Event "Test Tournament"]
[Site "Emanuel Lasker Arena"]
[Date "2024.04.09"]
[Round "1"]
[White "Lord Grantham"]
[Black "Encheladus"]
[Result "0-1"]
[WhiteElo "1766"]
[BlackElo "1620"]
[Annotator "NA RC"]
[PlyCount "88"]
[EventDate "2024.04.09"]
[EventType "swiss (blitz)"]

1. c4 {[%emt 0:00:01]} e6 {[%emt 0:00:01]} 2. Nf3 {[%emt 0:00:01]} d5 {[%emt 0:00:01]} 3. g3 {[%emt 0:00:01]} Nf6 {[%emt 0:00:01]} 4. Bg2 {[%emt 0:00:01]} Be7 {[%emt 0:00:01]} 5. O-O {[%emt 0:00:01]} O-O {[%emt 0:00:01]} 6. d4 {[%emt 0:00:01]} dxc4 {[%emt 0:00:01]} 7. Qc2 {[%emt 0:00:01]} a6 {[%emt 0:00:01]} 8. a4 {[%emt 0:00:01]} Bd7 {[%emt 0:00:01]} 9. Rd1 {[%emt 0:00:01]} Bc6 {[%emt 0:00:01]} 10. Nc3 {[%emt 0:00:01]} Bxf3 {[%emt 0:00:01]} 11. Bxf3 {[%emt 0:00:01]} Nc6 {[%emt 0:00:01]} 12. Bxc6 {[%emt 0:00:01]} bxc6 {[%emt 0:00:01]} 13. a5 {[%emt 0:00:04]} Qb8 {[%emt 0:00:01]} 14. Ra4 {[%emt 0:00:02]} Qb3 {[%emt 0:00:01]} 15. Qxb3 {[%emt 0:00:01]} cxb3 {[%emt 0:00:01]} 16. e4 {[%emt 0:00:03]} c5 {[%emt 0:00:04]} 17. e5 {[%emt 0:00:04]} Ng4 {[%emt 0:00:04]} 18. Re1 {[%emt 0:00:03]} Rad8 {[%emt 0:00:04]} 19. d5 {[%emt 0:00:03]} f5 {[%emt 0:00:03]} 20. dxe6 {[%emt 0:00:03]} Rd4 {[%emt 0:00:07]} 21. f4 {[%emt 0:00:03]} g5 {[%emt 0:00:03]} 22. Re2 {[%emt 0:00:03]} h5 {[%emt 0:00:03]} 23. Be3 {[%emt 0:00:03]} Rb4 {[%emt 0:00:02]} 24. Kg2 {[%emt 0:00:02]} c4 {[%emt 0:00:03]} 25. Ba7 {[%emt 0:00:02]} h4 {[%emt 0:00:01]} 26. h3 {[%emt 0:00:01]} Nh6 {[%emt 0:00:02]} 27. Re3 {[%emt 0:00:02]} c5 {[%emt 0:00:02]} 28. Re1 {[%emt 0:00:01]} g4 {[%emt 0:00:01]} 29. Rd1 {[%emt 0:00:01]} gxh3+ {[%emt 0:00:01]} 30. Kxh3 {[%emt 0:00:01]} Ng4 {[%emt 0:00:01]} 31. Rd7 {[%emt 0:00:01]} Nf2+ {[%emt 0:00:02]} 32. Kg2 {[%emt 0:00:01]} Rxa4 {[%emt 0:00:00]} 33. Nxa4 {[%emt 0:00:00]} Nd3 {[%emt 0:00:01]} 34. Rxe7 {[%emt 0:00:01]} Rc8 {[%emt 0:00:01]} 35. Nb6 {[%emt 0:00:02]} Rd8 {[%emt 0:00:01]} 36. Rd7 {[%emt 0:00:01]} Ne1+ {[%emt 0:00:01]} 37. Kf2 {[%emt 0:00:01]} Nd3+ {[%emt 0:00:00]} 38. Ke3 {[%emt 0:00:00]} hxg3 {[%emt 0:00:00]} 39. Rxd8+ {[%emt 0:00:01]} Kg7 {[%emt 0:00:00]} 40. e7 {[%emt 0:00:00]} Nxb2 {[%emt 0:00:00]} 41. e8=Q {[%emt 0:00:01]} Nd1+ {[%emt 0:00:00]} 42. Rxd1 {[%emt 0:00:01]} c3 {[%emt 0:00:00]} 43. e6 {[%emt 0:00:01]} g2 {[%emt 0:00:01]} 44. e7 {[%emt 0:00:01] .} c4 {[%emt 0:00:00]} 0-1

[Event "Test Tournament"]
[Site "Emanuel Lasker Arena"]
[Date "2024.04.09"]
[Round "1"]
[White "Lord Grantham"]
[Black "Girlfriend Chess"]
[Result "1-0"]
[WhiteElo "1766"]
[BlackElo "1752"]
[Annotator "NA RC"]
[PlyCount "23"]
[EventDate "2024.04.09"]
[EventType "swiss (blitz)"]

1. Nf3 {[%emt 0:00:01]} d5 {[%emt 0:00:01]} 2. g3 {[%emt 0:00:01]} c6 {[%emt 0:00:01]} 3. c4 {[%emt 0:00:01]} Nf6 {[%emt 0:00:05]} 4. Bg2 {[%emt 0:00:01]} dxc4 {[%emt 0:00:01]} 5. O-O {[%emt 0:00:01]} Nbd7 {[%emt 0:00:01]} 6. Na3 {[%emt 0:00:01]} Nb6 {[%emt 0:00:02]} 7. Qc2 {[%emt 0:00:01]} Qd5 {[%emt 0:00:02]} 8. Ne1 {[%emt 0:00:01]} Qd4 {[%emt 0:00:04]} 9. Nf3 {[%emt 0:00:01]} Qd5 {[%emt 0:00:03]} 10. b3 {[%emt 0:00:01]} e5 {[%emt 0:00:03]} 11. Nxc4 {[%emt 0:00:01]} e4 {[%emt 0:00:03]} 12. Ne1 {[%emt 0:00:03] Lord Grantham resigns Girlfriend Chess resigns (Lag: Av=0.05s, max=0.1s)} 1-0

[Event "Test Tournament"]
[Site "Emanuel Lasker Arena"]
[Date "2024.04.09"]
[Round "1"]
[White "Girlfriend Chess"]
[Black "Roberta Draper"]
[Result "0-1"]
[WhiteElo "1752"]
[BlackElo "1620"]
[Annotator "NA RC"]
[PlyCount "82"]
[EventDate "2024.04.09"]
[EventType "swiss (blitz)"]

1. e4 {[%emt 0:00:01]} c5 {[%emt 0:00:01]} 2. Nf3 {[%emt 0:00:02]} d6 {[%emt 0:00:01]} 3. d4 {[%emt 0:00:01]} cxd4 {[%emt 0:00:01]} 4. Nxd4 {[%emt 0:00:01]} Nf6 {[%emt 0:00:01]} 5. Nc3 {[%emt 0:00:01]} a6 {[%emt 0:00:01]} 6. Bg5 {[%emt 0:00:01]} e6 {[%emt 0:00:01]} 7. f4 {[%emt 0:00:01]} Qb6 {[%emt 0:00:01]} 8. Qd3 {[%emt 0:00:01]} Qxb2 {[%emt 0:00:01]} 9. Rb1 {[%emt 0:00:04]} Qa3 {[%emt 0:00:01]} 10. e5 {[%emt 0:00:01]} dxe5 {[%emt 0:00:04]} 11. fxe5 {[%emt 0:00:01]} Ng4 {[%emt 0:00:02]} 12. Nxe6 {[%emt 0:00:01]} Be7 {[%emt 0:00:04]} 13. Nxg7+ {[%emt 0:00:01]} Kf8 {[%emt 0:00:01]} 14. Nd5 {[%emt 0:00:03]} Qa5+ {[%emt 0:00:08]} 15. Bd2 {[%emt 0:00:03]} Qc5 {[%emt 0:00:03]} 16. e6 {[%emt 0:00:03]} Bh4+ {[%emt 0:00:01]} 17. g3 {[%emt 0:00:01]} Kxg7 {[%emt 0:00:01]} 18. gxh4 {[%emt 0:00:01]} Nc6 {[%emt 0:00:01]} 19. Qf3 {[%emt 0:00:03]} Nce5 {[%emt 0:00:01]} 20. Qe4 {[%emt 0:00:03]} Qf2+ {[%emt 0:00:01]} 21. Kd1 {[%emt 0:00:01]} Bxe6 {[%emt 0:00:01]} 22. Rxb7 {[%emt 0:00:02]} Rhc8 {[%emt 0:00:02]} 23. Be2 {[%emt 0:00:02]} Bf5 {[%emt 0:00:02]} 24. Qf4 {[%emt 0:00:01]} Bxc2+ {[%emt 0:00:01]} 25. Kc1 {[%emt 0:00:01]} Be4+ {[%emt 0:00:02]} 26. Kd1 {[%emt 0:00:01]} Bxd5 {[%emt 0:00:02]} 27. Bxg4 {[%emt 0:00:01]} Qxf4 {[%emt 0:00:01]} 28. Bxf4 {[%emt 0:00:01]} Nxg4 {[%emt 0:00:01]} 29. Rg1 {[%emt 0:00:01]} Bf3+ {[%emt 0:00:01]} 30. Kd2 {[%emt 0:00:01]} Bxb7 {[%emt 0:00:01]} 31. Rxg4+ {[%emt 0:00:01]} Kf6 {[%emt 0:00:01]} 32. Bd6 {[%emt 0:00:01]} Ke6 {[%emt 0:00:01]} 33. Rg7 {[%emt 0:00:08]} Kxd6 {[%emt 0:00:01]} 34. Rxf7 {[%emt 0:00:00]} Bd5 {[%emt 0:00:01]} 35. Rxh7 {[%emt 0:00:00]} Rc7 {[%emt 0:00:01]} 36. Rxc7 {[%emt 0:00:01]} Kxc7 {[%emt 0:00:01]} 37. h5 {[%emt 0:00:00]} Bf7 {[%emt 0:00:01]} 38. h6 {[%emt 0:00:01]} Rd8+ {[%emt 0:00:01]} 39. Kc3 {[%emt 0:00:00]} Rh8 {[%emt 0:00:01]} 40. Kd3 {[%emt 0:00:01]} Rxh6 {[%emt 0:00:01]} 41. Kc3 {[%emt 0:00:01] .} Rh3+ {[%emt 0:00:01]} 0-1

[Event "Test Tournament"]
[Site "Emanuel Lasker Arena"]
[Date "2024.04.09"]
[Round "1"]
[White "Girlfriend Chess"]
[Black "Lord Grantham"]
[Result "1/2-1/2"]
[WhiteElo "1752"]
[BlackElo "1766"]
[Annotator "NA RC"]
[PlyCount "68"]
[EventDate "2024.04.09"]
[EventType "swiss (blitz)"]

1. c4 {[%emt 0:00:01]} e6 {[%emt 0:00:01]} 2. Nf3 {[%emt 0:00:01]} f5 {[%emt 0:00:01]} 3. d4 {[%emt 0:00:04]} Nf6 {[%emt 0:00:01]} 4. g3 {[%emt 0:00:01]} d5 {[%emt 0:00:04]} 5. Bg2 {[%emt 0:00:03]} Nc6 {[%emt 0:00:01]} 6. O-O {[%emt 0:00:04]} Bd6 {[%emt 0:00:04]} 7. Qb3 {[%emt 0:00:02]} O-O {[%emt 0:00:04]} 8. c5 {[%emt 0:00:03]} Nxd4 {[%emt 0:00:04]} 9. Nxd4 {[%emt 0:00:02]} Bxc5 {[%emt 0:00:01]} 10. Rd1 {[%emt 0:00:03]} Ne4 {[%emt 0:00:03]} 11. Be3 {[%emt 0:00:03]} a5 {[%emt 0:00:04]} 12. Qb5 {[%emt 0:00:03]} c6 {[%emt 0:00:03]} 13. Qa4 {[%emt 0:00:03]} Qe7 {[%emt 0:00:01]} 14. Nc3 {[%emt 0:00:03]} e5 {[%emt 0:00:01]} 15. Nxe4 {[%emt 0:00:01]} fxe4 {[%emt 0:00:01]} 16. Nxc6 {[%emt 0:00:03]} bxc6 {[%emt 0:00:01]} 17. Qxc6 {[%emt 0:00:01]} Bxe3 {[%emt 0:00:01]} 18. Qxa8 {[%emt 0:00:02]} Be6 {[%emt 0:00:01]} 19. Qxa5 {[%emt 0:00:01]} Rxf2 {[%emt 0:00:01]} 20. Rxd5 {[%emt 0:00:01]} Rxe2+ {[%emt 0:00:01]} 21. Kh1 {[%emt 0:00:01]} Bd4 {[%emt 0:00:03]} 22. Rd1 {[%emt 0:00:01]} e3 {[%emt 0:00:02]} 23. Qa8+ {[%emt 0:00:02]} Kf7 {[%emt 0:00:02]} 24. R5xd4 {[%emt 0:00:01]} Rxg2 {[%emt 0:00:01]} 25. Kxg2 {[%emt 0:00:01]} exd4 {[%emt 0:00:01]} 26. Rxd4 {[%emt 0:00:01]} Bf5 {[%emt 0:00:02]} 27. a4 {[%emt 0:00:01]} e2 {[%emt 0:00:01]} 28. Qe4 {[%emt 0:00:01]} Kf8 {[%emt 0:00:05]} 29. Qxf5+ {[%emt 0:00:00]} Ke8 {[%emt 0:00:01]} 30. Qc8+ {[%emt 0:00:01]} Kf7 {[%emt 0:00:01]} 31. Qf5+ {[%emt 0:00:01]} Ke8 {[%emt 0:00:01]} 32. Qc8+ {[%emt 0:00:01]} Kf7 {[%emt 0:00:00]} 33. Qf5+ {[%emt 0:00:01]} Kg8 {[%emt 0:00:01]} 34. Qc8+ {[%emt 0:00:01]} Kf7 {[%emt 0:00:00] (Lag: Av=0.06s, max=0.2s)} 1/2-1/2

[Event "Test Tournament"]
[Site "Emanuel Lasker Arena"]
[Date "2024.04.09"]
[Round "1"]
[White "Girlfriend Chess"]
[Black "Lord Grantham"]
[Result "0-1"]
[WhiteElo "1752"]
[BlackElo "1766"]
[Annotator "NA RC"]
[PlyCount "74"]
[EventDate "2024.04.09"]
[EventType "swiss (blitz)"]

1. d4 {[%emt 0:00:01]} d5 {[%emt 0:00:01]} 2. c4 {[%emt 0:00:01]} e6 {[%emt 0:00:01]} 3. Nc3 {[%emt 0:00:01]} Nf6 {[%emt 0:00:01]} 4. cxd5 {[%emt 0:00:01]} exd5 {[%emt 0:00:01]} 5. Bg5 {[%emt 0:00:01]} c6 {[%emt 0:00:01]} 6. e3 {[%emt 0:00:01]} Be7 {[%emt 0:00:01]} 7. Bd3 {[%emt 0:00:01]} Nbd7 {[%emt 0:00:01]} 8. Nge2 {[%emt 0:00:01]} O-O {[%emt 0:00:01]} 9. Qc2 {[%emt 0:00:01]} Re8 {[%emt 0:00:01]} 10. Bh4 {[%emt 0:00:02]} h6 {[%emt 0:00:04]} 11. O-O {[%emt 0:00:02]} Nh5 {[%emt 0:00:01]} 12. Bh7+ {[%emt 0:00:02]} Kh8 {[%emt 0:00:01]} 13. Bxe7 {[%emt 0:00:01]} Qxe7 {[%emt 0:00:01]} 14. Qf5 {[%emt 0:00:06]} g6 {[%emt 0:00:01]} 15. Nxd5 {[%emt 0:00:09]} cxd5 {[%emt 0:00:01]} 16. Bxg6 {[%emt 0:00:01]} fxg6 {[%emt 0:00:01]} 17. Qxg6 {[%emt 0:00:01]} Ndf6 {[%emt 0:00:01]} 18. Qxh6+ {[%emt 0:00:02]} Qh7 {[%emt 0:00:01]} 19. b4 {[%emt 0:00:06]} Qxh6 {[%emt 0:00:01]} 20. Rfc1 {[%emt 0:00:02]} b5 {[%emt 0:00:03]} 21. Rc7 {[%emt 0:00:02]} Qg6 {[%emt 0:00:03]} 22. a4 {[%emt 0:00:02]} Bh3 {[%emt 0:00:03]} 23. Ng3 {[%emt 0:00:01]} bxa4 {[%emt 0:00:01]} 24. gxh3 {[%emt 0:00:01]} Ng7 {[%emt 0:00:02]} 25. h4 {[%emt 0:00:02]} a3 {[%emt 0:00:02]} 26. Rxa3 {[%emt 0:00:01]} Nf5 {[%emt 0:00:01]} 27. Ra6 {[%emt 0:00:01]} Nxe3 {[%emt 0:00:02]} 28. fxe3 {[%emt 0:00:01]} Rxe3 {[%emt 0:00:01]} 29. Raxa7 {[%emt 0:00:01]} Rxa7 {[%emt 0:00:01]} 30. Rxa7 {[%emt 0:00:01]} Ng8 {[%emt 0:00:02]} 31. Ra8 {[%emt 0:00:01]} Re2 {[%emt 0:00:02]} 32. Ra2 {[%emt 0:00:01]} Qb1+ {[%emt 0:00:03]} 33. Nf1 {[%emt 0:00:00]} Qxa2 {[%emt 0:00:01]} 34. Kh1 {[%emt 0:00:01]} Qb1 {[%emt 0:00:01]} 35. Kg1 {[%emt 0:00:01]} Qe1 {[%emt 0:00:01]} 36. b5 {[%emt 0:00:01]} Qf2+ {[%emt 0:00:01]} 37. Kh1 {[%emt 0:00:00]} Qxf1# {[%emt 0:00:01] (Lag: Av=0.07s, max=0.6s)} 0-1

[Event "Test Tournament"]
[Site "Emanuel Lasker Arena"]
[Date "2024.04.09"]
[Round "1"]
[White "Dominatrix"]
[Black "Patemkin"]
[Result "1-0"]
[WhiteElo "1733"]
[BlackElo "1680"]
[Annotator "NA RC"]
[PlyCount "65"]
[EventDate "2024.04.09"]
[EventType "swiss (blitz)"]

1. e4 {[%emt 0:00:01]} e5 {[%emt 0:00:01]} 2. Nf3 {[%emt 0:00:02]} Nc6 {[%emt 0:00:01]} 3. Bb5 {[%emt 0:00:01]} Nf6 {[%emt 0:00:01]} 4. Nc3 {[%emt 0:00:01]} Bb4 {[%emt 0:00:01]} 5. Bd3 {[%emt 0:00:01]} a6 {[%emt 0:00:01]} 6. Nd5 {[%emt 0:00:01]} Bc5 {[%emt 0:00:01]} 7. b4 {[%emt 0:00:01]} Ba7 {[%emt 0:00:01]} 8. c3 {[%emt 0:00:03]} d6 {[%emt 0:00:01]} 9. Nxf6+ {[%emt 0:00:01]} Qxf6 {[%emt 0:00:00]} 10. h4 {[%emt 0:00:04]} Be6 {[%emt 0:00:04]} 11. Qa4 {[%emt 0:00:04]} O-O {[%emt 0:00:04]} 12. h5 {[%emt 0:00:03]} d5 {[%emt 0:00:03]} 13. h6 {[%emt 0:00:03]} g6 {[%emt 0:00:03]} 14. Ke2 {[%emt 0:00:03]} Qf4 {[%emt 0:00:05]} 15. g3 {[%emt 0:00:03]} f5 {[%emt 0:00:17]} 16. gxf4 {[%emt 0:00:01]} dxe4 {[%emt 0:00:01]} 17. Ng5 {[%emt 0:00:02]} exd3+ {[%emt 0:00:01]} 18. Kxd3 {[%emt 0:00:01]} e4+ {[%emt 0:00:01]} 19. Kc2 {[%emt 0:00:01]} Bc4 {[%emt 0:00:01]} 20. b5 {[%emt 0:00:02]} axb5 {[%emt 0:00:01]} 21. Qa3 {[%emt 0:00:02]} Bxf2 {[%emt 0:00:00]} 22. Qb2 {[%emt 0:00:01]} Rf7 {[%emt 0:00:01]} 23. d4 {[%emt 0:00:02]} e3 {[%emt 0:00:01]} 24. d5 {[%emt 0:00:01]} Rd7 {[%emt 0:00:01]} 25. dxc6 {[%emt 0:00:01]} bxc6 {[%emt 0:00:01]} 26. Rh3 {[%emt 0:00:01]} e2 {[%emt 0:00:01]} 27. Bd2 {[%emt 0:00:01]} Rxa2 {[%emt 0:00:01]} 28. Rxa2 {[%emt 0:00:01]} Rxd2+ {[%emt 0:00:00]} 29. Kxd2 {[%emt 0:00:01]} Bxa2 {[%emt 0:00:01]} 30. Qxa2+ {[%emt 0:00:01]} Kf8 {[%emt 0:00:01]} 31. Qe6 {[%emt 0:00:01]} e1=B+ {[%emt 0:00:01]} 32. Ke2 {[%emt 0:00:01]} c5 {[%emt 0:00:01]} 33. Nxh7# {[%emt 0:00:01] (Lag: Av=0.06s, max=0.4s)} 1-0

[Event "Test Tournament"]
[Site "Emanuel Lasker Arena"]
[Date "2024.04.09"]
[Round "1"]
[White "Patemkin"]
[Black "Don Rodrigo"]
[Result "0-1"]
[WhiteElo "1680"]
[BlackElo "1620"]
[Annotator "NA RC"]
[PlyCount "62"]
[EventDate "2024.04.09"]
[EventType "swiss (blitz)"]

1. d4 {[%emt 0:00:01]} Nf6 {[%emt 0:00:02]} 2. c4 {[%emt 0:00:01]} e5 {[%emt 0:00:01]} 3. e3 {[%emt 0:00:01]} exd4 {[%emt 0:00:01]} 4. exd4 {[%emt 0:00:01]} d5 {[%emt 0:00:01]} 5. Nf3 {[%emt 0:00:01]} Be7 {[%emt 0:00:05]} 6. Nc3 {[%emt 0:00:01]} Bb4 {[%emt 0:00:02]} 7. Bg5 {[%emt 0:00:01]} Nc6 {[%emt 0:00:04]} 8. Bd3 {[%emt 0:00:01]} Be6 {[%emt 0:00:02]} 9. cxd5 {[%emt 0:00:04]} Qxd5 {[%emt 0:00:01]} 10. O-O {[%emt 0:00:02]} Qd6 {[%emt 0:00:02]} 11. Bxf6 {[%emt 0:00:04]} gxf6 {[%emt 0:00:02]} 12. Qe2 {[%emt 0:00:03]} Nxd4 {[%emt 0:00:02]} 13. Nxd4 {[%emt 0:00:01]} Qxd4 {[%emt 0:00:00]} 14. Bb5+ {[%emt 0:00:03]} c6 {[%emt 0:00:03]} 15. Qf3 {[%emt 0:00:03]} cxb5 {[%emt 0:00:01]} 16. Nxb5 {[%emt 0:00:03]} Qe5 {[%emt 0:00:03]} 17. Qxb7 {[%emt 0:00:02]} Rb8 {[%emt 0:00:01]} 18. Nc7+ {[%emt 0:00:03]} Ke7 {[%emt 0:00:02]} 19. Qxa7 {[%emt 0:00:01]} Bc5 {[%emt 0:00:03]} 20. Nb5+ {[%emt 0:00:16]} Bxa7 {[%emt 0:00:01]} 21. Nxa7 {[%emt 0:00:01]} Bd5 {[%emt 0:00:02]} 22. a4 {[%emt 0:00:01]} Rhg8 {[%emt 0:00:02]} 23. Rfe1 {[%emt 0:00:01]} Rxg2+ {[%emt 0:00:01]} 24. Kf1 {[%emt 0:00:00]} Rb3 {[%emt 0:00:01]} 25. Rxe5+ {[%emt 0:00:01]} fxe5 {[%emt 0:00:01]} 26. a5 {[%emt 0:00:01]} Rg8 {[%emt 0:00:01]} 27. Rc1 {[%emt 0:00:01]} Rxb2 {[%emt 0:00:01]} 28. a6 {[%emt 0:00:00]} Ra2 {[%emt 0:00:01]} 29. Rc7+ {[%emt 0:00:01]} Kd6 {[%emt 0:00:01]} 30. Nb5+ {[%emt 0:00:01]} Ke6 {[%emt 0:00:01]} 31. a7 {[%emt 0:00:01]} Rg1+ {[%emt 0:00:01] Time (Lag: Av=0.08s, max=0.3s) .} 0-1

[Event "Test Tournament"]
[Site "Emanuel Lasker Arena"]
[Date "2024.04.09"]
[Round "1"]
[White "CheckMaid"]
[Black "Karpovs Shadow"]
[Result "0-1"]
[WhiteElo "1645"]
[BlackElo "1620"]
[Annotator "NA RC"]
[PlyCount "70"]
[EventDate "2024.04.09"]
[EventType "swiss (blitz)"]

1. e4 {[%emt 0:00:01]} e5 {[%emt 0:00:01]} 2. Nf3 {[%emt 0:00:01]} Nc6 {[%emt 0:00:01]} 3. Bb5 {[%emt 0:00:01]} a6 {[%emt 0:00:01]} 4. Ba4 {[%emt 0:00:01]} Nf6 {[%emt 0:00:01]} 5. O-O {[%emt 0:00:01]} Be7 {[%emt 0:00:01]} 6. Qe2 {[%emt 0:00:01]} b5 {[%emt 0:00:01]} 7. Bb3 {[%emt 0:00:05]} O-O {[%emt 0:00:01]} 8. a4 {[%emt 0:00:01]} b4 {[%emt 0:00:01]} 9. d3 {[%emt 0:00:04]} Na5 {[%emt 0:00:04]} 10. Nxe5 {[%emt 0:00:00]} Nxb3 {[%emt 0:00:01]} 11. cxb3 {[%emt 0:00:01]} Bb7 {[%emt 0:00:01]} 12. h4 {[%emt 0:00:03]} Bc5 {[%emt 0:00:04]} 13. Bg5 {[%emt 0:00:03]} Re8 {[%emt 0:00:04]} 14. Ra3 {[%emt 0:00:07]} Rxe5 {[%emt 0:00:01]} 15. Bf4 {[%emt 0:00:02]} Qe8 {[%emt 0:00:03]} 16. Bxe5 {[%emt 0:00:01]} Qxe5 {[%emt 0:00:01]} 17. d4 {[%emt 0:00:02]} Bxd4 {[%emt 0:00:01]} 18. Ra2 {[%emt 0:00:02]} a5 {[%emt 0:00:01]} 19. Qb5 {[%emt 0:00:02]} Qxe4 {[%emt 0:00:01]} 20. Qxb7 {[%emt 0:00:01]} Qxb7 {[%emt 0:00:01]} 21. h5 {[%emt 0:00:02]} Qd5 {[%emt 0:00:02]} 22. Nd2 {[%emt 0:00:02]} h6 {[%emt 0:00:02]} 23. Nc4 {[%emt 0:00:02]} Re8 {[%emt 0:00:02]} 24. Rd1 {[%emt 0:00:02]} Bxf2+ {[%emt 0:00:01]} 25. Kxf2 {[%emt 0:00:01]} Ng4+ {[%emt 0:00:01]} 26. Kg3 {[%emt 0:00:01]} Qxd1 {[%emt 0:00:01]} 27. Nxa5 {[%emt 0:00:00]} d5 {[%emt 0:00:01]} 28. Nc6 {[%emt 0:00:01]} Re4 {[%emt 0:00:01]} 29. Ne7+ {[%emt 0:00:01]} Rxe7 {[%emt 0:00:01]} 30. a5 {[%emt 0:00:01]} Ne3 {[%emt 0:00:01]} 31. Ra4 {[%emt 0:00:01]} c5 {[%emt 0:00:01]} 32. Rxb4 {[%emt 0:00:01]} cxb4 {[%emt 0:00:01]} 33. Kf2 {[%emt 0:00:01]} Qf1+ {[%emt 0:00:01]} 34. Kg3 {[%emt 0:00:01]} Qxg2+ {[%emt 0:00:01]} 35. Kf4 {[%emt 0:00:01]} Qg4# {[%emt 0:00:01] (Lag: Av=0.06s, max=0.4s)} 0-1

[Event "Test Tournament"]
[Site "Emanuel Lasker Arena"]
[Date "2024.04.09"]
[Round "1"]
[White "CheckMaid"]
[Black "Karpovs Shadow"]
[Result "*"]
[WhiteElo "1645"]
[BlackElo "1620"]
[Annotator "NA RC"]
[PlyCount "42"]
[EventDate "2024.04.09"]
[EventType "swiss (blitz)"]

1. e4 {[%emt 0:00:01]} e5 {[%emt 0:00:01]} 2. Nf3 {[%emt 0:00:02]} Nc6 {[%emt 0:00:01]} 3. Bb5 {[%emt 0:00:01]} a6 {[%emt 0:00:01]} 4. Ba4 {[%emt 0:00:02]} Nf6 {[%emt 0:00:01]} 5. O-O {[%emt 0:00:01]} Nxe4 {[%emt 0:00:01]} 6. d4 {[%emt 0:00:01]} b5 {[%emt 0:00:01]} 7. Bb3 {[%emt 0:00:01]} d5 {[%emt 0:00:01]} 8. dxe5 {[%emt 0:00:01]} Be6 {[%emt 0:00:01]} 9. Qe2 {[%emt 0:00:01]} Be7 {[%emt 0:00:04]} 10. Rd1 {[%emt 0:00:01]} O-O {[%emt 0:00:01]} 11. c4 {[%emt 0:00:02]} bxc4 {[%emt 0:00:01]} 12. Bxc4 {[%emt 0:00:01]} Qd7 {[%emt 0:00:01]} 13. h3 {[%emt 0:00:01]} Rfb8 {[%emt 0:00:01]} 14. Be3 {[%emt 0:00:03]} a5 {[%emt 0:00:02]} 15. Bd3 {[%emt 0:00:01]} Bf5 {[%emt 0:00:03]} 16. g4 {[%emt 0:00:03]} Bg6 {[%emt 0:00:01]} 17. Bb5 {[%emt 0:00:03]} a4 {[%emt 0:00:03]} 18. Na3 {[%emt 0:00:03]} Qe6 {[%emt 0:00:04]} 19. Qc2 {[%emt 0:00:02]} Nxe5 {[%emt 0:00:01]} 20. Nxe5 {[%emt 0:00:01]} Qxe5 {[%emt 0:00:01]} 21. Bc6 {[%emt 0:00:02]} Ng5 {[%emt 0:00:03] Time (Lag: Av=0.06s, max=0.2s) .} *